000 00932nam a2200277 i 4500
001 17392
003 ES-MaACL
005 20250912063035.0
007 t|
008 010301s2000 sp ||||1| spa d
020 _a84-86864-43-7
080 _a929:329.285
080 _a329.285:929
100 1 _aVidal Manzanares, Gustavo,
_d1972-
_9242244
245 1 0 _aVidas anarquistas /
_cGustavo Vidal Manzanares.
250 _a1ª ed.
260 _aMadrid :
_bFundación de Estudios Libertarios Anselmo Lorenzo,
_c2000.
300 _a115 p. ;
_c20 cm.
490 1 _aColección Cuadernos libertarios (Fundación Anselmo Lorenzo) ;
_v6
_9228262
650 4 _aAnarquistas-
_xBiografías.
_99798
710 2 _aFundación Anselmo Lorenzo.
_94216
830 1 _9228262
_aColección Cuadernos libertarios (Fundación Anselmo Lorenzo) ;
_v6
852 _aES-MaACL
_jL-24420
_bR.129162
942 _2udc
999 _c17392
_d17392